| 000 | 00000nam 2200000zi 4500 |
| 001 | 9.936614 |
| 003 | CaOODSP |
| 005 | 20240417110033 |
| 006 | m o d f |
| 007 | cr |n||||||||| |
| 008 | 240410e202305##onc o f|0| 0 eng d |
| 040 | |aCaOODSP|beng|erda|cCaOODSP |
| 043 | |an-cn-on |
| 086 | 1 |aCC550-1/2023E-PDF |
| 245 | 00|aWDBA detailed action plan to the recommendations of the Special Examination Report of the Auditor General of Canada. |
| 264 | 1|aWindsor, [Ont.] : |bWindsor-Detroit Bridge Authority = Autorité du Pont Windsor-Detroit, |cMay 2023. |
| 264 | 4|c©2023 |
| 300 | |a1 online resource (4 unnumbered pages) |
| 336 | |atext|btxt|2rdacontent |
| 337 | |acomputer|bc|2rdamedia |
| 338 | |aonline resource|bcr|2rdacarrier |
| 500 | |aIssued also in French under title: Plan d'action détaillé de l'APWD en réponse aux recommandations du Rapport d'examen spécial de la vérificatrice générale du Canada. |
| 610 | 10|aCanada. |bWindsor-Detroit Bridge Authority|xAuditing. |
| 650 | 0|aGovernment corporations|zCanada|xManagement|xAuditing. |
| 710 | 1 |aCanada. |bWindsor-Detroit Bridge Authority, |eissuing body. |
| 775 | 08|tPlan d'action détaillé de l'APWD en réponse aux recommandations du Rapport d'examen spécial de la vérificatrice générale du Canada.|w(CaOODSP)9.936937 |
| 856 | 40|qPDF|s3.21 MB|uhttps://publications.gc.ca/collections/collection_2024/apwd-wdba/CC550-1-2023-eng.pdf |